Bharatadalli banking kanunu mattu acharane. (Record no. 84869)
[ view plain ]
| 000 -LEADER | |
|---|---|
| fixed length control field | 00678nam a2200205Ia 4500 |
| 003 - CONTROL NUMBER IDENTIFIER | |
| control field | OSt |
| 005 - DATE AND TIME OF LATEST TRANSACTION | |
| control field | 20240809110733.0 |
| 008 - FIXED-LENGTH DATA ELEMENTS--GENERAL INFORMATION | |
| fixed length control field | 210210b1977 xxu||||| |||| 00| 0 eng d |
| 040 ## - CATALOGING SOURCE | |
| Transcribing agency | AL |
| 041 ## - LANGUAGE CODE | |
| Language code of text/sound track or separate title | Kannada |
| 082 ## - DEWEY DECIMAL CLASSIFICATION NUMBER | |
| Classification number | 332.1K PANB |
| 100 ## - MAIN ENTRY--PERSONAL NAME | |
| Personal name | PANDITA (T M). |
| Dates associated with a name | ಪಂಡಿತ (ಟಿ ಎ೦) |
| 9 (RLIN) | 176122 |
| 245 ## - TITLE STATEMENT | |
| Title | Bharatadalli banking kanunu mattu acharane. |
| Remainder of title | ಭಾರತದಲ್ಲಿ ಬ್ಯಾಂಕಿಂಗ್ ಕಾನೂನು ಮತ್ತು ಆಚರಣೆ |
| 260 ## - PUBLICATION, DISTRIBUTION, ETC. | |
| Place of publication, distribution, etc. | Dharavada |
| Name of publisher, distributor, etc. | Kannada Adhyayana Pita |
| Date of publication, distribution, etc. | 1977 |
| 300 ## - PHYSICAL DESCRIPTION | |
| Extent | 509 |
| 650 ## - SUBJECT ADDED ENTRY--TOPICAL TERM | |
| Topical term or geographic name entry element | Byanking kanunu mattu acharane |
| 9 (RLIN) | 176123 |
| 690 ## - LOCAL SUBJECT ADDED ENTRY--TOPICAL TERM (OCLC, RLIN) | |
| Topical term or geographic name as entry element | Banking |
| 9 (RLIN) | 176124 |
| 906 ## - LOCAL DATA ELEMENT F, LDF (RLIN) | |
| a | 034425 |
| 942 ## - ADDED ENTRY ELEMENTS (KOHA) | |
| Source of classification or shelving scheme | Dewey Decimal Classification |
| Koha item type | Book |
| Withdrawn status | Lost status | Source of classification or shelving scheme | Damaged status | Not for loan | Collection code | Home library | Current library | Shelving location | Date acquired | Cost, normal purchase price | Total Checkouts | Full call number | Barcode | Date last seen | Price effective from | Koha item type |
|---|---|---|---|---|---|---|---|---|---|---|---|---|---|---|---|---|
| Dewey Decimal Classification | St Aloysius Library | St Aloysius Library | 02/17/2021 | 13.00 | 332.1K PANB | 034425 | 02/17/2021 | 02/17/2021 | Book |